Cestovné náhrady v praxi

Komentár k zákonu č.119/1992 Zb. v znení zákonov č.53/1996 Z.z. a č. 33/1996 Z.z. o cestovných náhradách. Definovanie pojmov pracovná cesta a iná zmena miesta výkonu práve. Osoby, ktoré nezahŕňa zákon o cestovných náhradách. Vymedzenie pravidelného pracoviska. Náhrada cestovných výdavkov. Dôvodová s...

Ausführliche Beschreibung

Gespeichert in:
Bibliographische Detailangaben
1. Verfasser: Fekete, Imrich
Format: Buchkapitel
Sprache:Slowakisch
Schlagworte:
Tags: Tag hinzufügen
Keine Tags, Fügen Sie das erste Tag hinzu!

MARC

LEADER 00000naa a2200000 4500
001 r025547
005 20230912103939.3
041 0 |a slo 
044 |a SK 
245 1 0 |a Cestovné náhrady v praxi  |c Imrich Fekete 
520 |a Komentár k zákonu č.119/1992 Zb. v znení zákonov č.53/1996 Z.z. a č. 33/1996 Z.z. o cestovných náhradách. Definovanie pojmov pracovná cesta a iná zmena miesta výkonu práve. Osoby, ktoré nezahŕňa zákon o cestovných náhradách. Vymedzenie pravidelného pracoviska. Náhrada cestovných výdavkov. Dôvodová správa. 
610 2 0 |a zákony 
610 2 0 |a Slovensko 
610 2 0 |a náhrada cestovného 
610 2 0 |a cesty pracovné 
610 2 0 |a komentáre 
100 1 |a Fekete, Imrich